000 00887nas a2200289 4500
001 BR2014005968
003 BR-BrBNA
005 20231205124529.0
007 ta
008 230509b bl.|||p| |||| 00| 00por d
040 _aBR-BrBNA
_bpor
_cBiblioteca Nacional de Agricultura
041 _a(Pt)
072 _aL53; M12
100 1 _aPaulino, M.S.
100 1 _aMiliorini, A.B.
100 1 _aMurgas, L.D.S.
100 1 _aLima, F.S.M. de
100 1 _aFelizardo, V. de O.
245 1 _aDesempenho reprodutivo do pacu, piracanjuba e curimba induzidos com extrato de buserelina
650 _aPACU
650 _aPIRACANJUBA
650 _aEFICIÊNCIA REPRODUTIVA
650 _aHORMÔNIO
773 0 _tBoletim do Instituto de Pesca (Brazil)
_xISSN 0046-9939
_g(Jan-Mar 2011), v. 37(1) p. 39-45
_wBR2014005968
909 _a202311
_bLúcia
_c55
_dLúcia Elande
942 _2AGRIS
_n0
_cANA
999 _c239560
_d239560